000 00748cam a2200253 4500
001 J2709
008 090401t1994 xxu||||| |||| 00| 0 eng d
035 _a(Sirsi) u50712
041 _aeng
050 _a692.8
110 _aNational Joint Consultative Committee
_9997
245 4 _aThe Public Works Contracts Regulations 1991: contract award procedures of EC Works Directive.
260 _aLondon
_bNJCC
_c1994
300 _a1 sheet ; 30cm.
350 _a1.5
490 _aProcedure Note
_v19
650 _aBUILT ENVIRONMENT-BUILDING CONTRACT FORMS
650 _aEC DIRECTIVES
650 _aPUBLIC WORKS CONTRACTS REGULATIONS 1991
650 _aWORKS DIRECTIVE
690 _aEUROPE-SINGLE MARKET
942 _n0
948 _c04/03/1997
999 _c92741
_d92741